Sports Quiz

Random Sports or MLB Quiz
Score 0/21 Timer 06:00
10 Plays Today
% Correct
Atlanta Falcons
94.4%
Chicago Bulls
91.1%
Miami Heat
89.8%
Toronto Blue Jays
86.9%
Pittsburgh Steelers
85.6%
Tampa Bay Buccaneers
84.3%
Atlanta Hawks
84.2%
Pittsburgh Pirates
82.6%
New England Patriots
81.4%
Arizona Cardinals
81.3%
Colorado Avalanche
76.9%
% Correct
Carolina Hurricanes
74.2%
Chicago Blackhawks
72.7%
Los Angeles Dodgers
71.2%
Houston Texans
69.6%
Minnesota Wild
68.7%
Montreal Canadiens
65.1%
Winnipeg Jets
64.3%
Buffalo Bills
60.1%
Tennessee Titans
58.1%
Ottawa Senators
49.8%
Remove Ads.
Support Sporcle.
Get the best of Sporcle when you Go Orange. This ad-free experience offers more features, more stats, and more fun while also helping to support Sporcle. Thank you for becoming a member.

You're not logged in!

Compare scores with friends on all Sporcle quizzes.
OR
Log In

Show Comments

Extras

Top Quizzes Today


Score Distribution

Your Account Isn't Verified!

In order to create a playlist on Sporcle, you need to verify the email address you used during registration. Go to your Sporcle Settings to finish the process.

Report this User

Report this user for behavior that violates our Community Guidelines.

Details: